000
00322nam a22001337a 4500
008
181031b xxu||||| |||| 00| 0 eng d
020
_a
9780902331945
041
_a
eng
080
_a
618
100
_a
10
101
_a
GJIN
245
_a
Eponyms and Names in Obstetrics and Gynaecology
_c
Baskett ,Th. F
942
_2
udc
_c
BK
999
_c
51309
_d
51309